000 00675nam a2200229 i 4500
001 C2-0331883
003 PPAK
005 20180728132205.0
008 150705s2000 io |||| ||||| | may d
040 _aPPAK
_beng
_cPPAK
_erda
082 0 4 _a899.2211
_223
090 0 0 _a899.2211
_bMAH
_dKIH
100 1 _aMahmud, Damiri,
_eauthor
245 1 0 _aDamai di bumi :
_bsebuah kumpulan puisi
264 1 _aSumatera, Indonesia :
_bKanwil Dep. Persenibud Propinsi Sumatera Utara ,
_c2000
300 _axiv, 65 pages ;
_c21 cm
336 _2rdacontent
_atext
337 _2rdamedia
_aunmediated
338 _2rdacarrier
_avolume
650 1 0 _aIndonesian poetry.
942 _ddc
_cB
999 _c130585
_d130585